000 00843nam a22001817a 4500
005 20240530110932.0
008 220221s2006 ua a g b 000 0 ara d
040 _aEG-CaGPL
_cEG-CaGPL
082 0 4 _221
_a910.02 /
_bف ا
100 0 _aفتحى عبدالعزيز ابوراضى
245 1 0 _aالاصول العامة فى الجغرافية المناخية /
_cفتحى عبدالعزيز ابوراضى .
_nالجزء الاول :
_pمبادئ واسس نظرية .
_nالجزء الثانى :
_pالمناخ التفصيلى والتطبيقى .
260 _aالاسكندرية :
_bدار المعرفة الجامعية،
_c2006
300 _a2 جزء ؛
_c24 سم.
650 0 7 _aالجغرافية الطبيعية
_2qrmak
650 0 7 _aالجغرافية المناخية
942 _2ddc
_cBK
999 _c66663
_d66663